000 00698cab a2200265 4500
001 X1083
008 090401t1993 xxu||||| |||| 00| 0 eng d
035 _a(Sirsi) u14606
041 _aeng
100 _aSparkes, B.
245 _aRICS accredits new fine arts course
260 _c1993
350 _a0
490 _aCS Monthly : General Practice
_v3(2) October 1993, 5-6(2)
650 _aCHATTELS
650 _aCAREERS, EDUCATION AND TRAINING
650 _aFINE ARTS VALUATION
650 _aRICS ACCREDITED COURSES
650 _aABOUT RICS
650 _aSOUTHAMPTON INSTITUTE
650 _aValuation
_96273
690 _aArts and antiques
_96217
942 _n0
948 _c04/03/1997
999 _c9531
_d9531